| 000 | 00622ntaaa2200193 4500 | ||
|---|---|---|---|
| 003 | 01 | ||
| 005 | 20251027203014.0 | ||
| 008 | 0714s1973 ag 01 | ||
| 040 |
_aAR-BaBN _bspa _cAR-BaBN _eaacr _dRIC |
||
| 082 | _a296.1000 F87 | ||
| 245 | _aMidrash Rabbah | ||
| 250 | _a1 ed. | ||
| 260 |
_aLondon : _bSoncino Press, _cc1951 |
||
| 300 | _a10 tomos | ||
| 500 | _aT.1 y 2 Génesis: T.3 Exodo: T.4 Levítico: T.5 y 6 Números: T.7 Deuteronomio y Lamentaciones: T.8 Ruth y Eclesiastés: T.9 Esther y Cantar de los Cantaresd: T.10 indice | ||
| 700 |
_aFreedman, H _931105 |
||
| 700 |
_aSimon, Maurice _931106 |
||
| 942 | _cBK | ||
| 999 |
_c25486 _d25486 |
||